| 000 | 00833 a2200193 4500 | ||
|---|---|---|---|
| 020 | _a1565658566 | ||
| 020 | _a9781565658561 | ||
| 082 | 0 | 4 | _a616.8527 |
| 090 |
_c1630 _d1630 |
||
| 100 | 1 | _aQuinn, Brian. | |
| 245 | 1 | 4 |
_aThe depression sourcebook / _cBrian Quinn. |
| 260 |
_a[S.l.] : _bLowell House, _c1998. |
||
| 300 |
_a266 p. ; _c23 cm. |
||
| 500 | _aPaperback. | ||
| 520 | _aClinical depression is extremely common, can affect a person''s ability to work effectively and in some c ases can be fatal. This volume describes what it is and how to identify the causes so as to alleviate the condition. ' | ||
| 856 | 4 | 0 |
_3Amazon.com _uhttp://www.amazon.com/exec/obidos/ASIN/1565658566/chopaconline-20 |
| 856 | 4 | 0 |
_3Amazon customer reviews _uhttp://www.chopac.org/cgi-bin/tools/azrev.pl?q=1565658566 |
| 942 |
_aNBS _cBK _k616.8527 GUI |
||
| 999 |
_c344146 _d344146 |
||